000 00500nam a22002297a 4500
003 UA-OsUOA
001 32350
007 ta
008 20050201b un ||||| |||| 00| 0 ukr d
090 _a001(47+57)
_bН12
942 _cBK
040 _aUA-OsUOA
_brus
_cUA-OsUOA
_dUA-OsUOA
245 _aНаука Союза ССР
300 _a426 с.
955 _a0
041 _arus
080 _a001(47+57)
260 _aМ.
_bНаука
_c1972
044 _aRU
650 7 _2UDC
999 _c318792
_d318792